000 00522nam a2200181Ia 4500
999 _c30236
_d30236
003 OSt
005 20201112125042.0
008 190216s9999||||xx |||||||||||||| ||und||
020 _a9788181070651
040 _coclc
082 _a894.8123
_bSRE/V
100 _aSreedharan, A M
_96539
245 0 _aVariyudakkappetta Janmangal /
_cA M Sreedharan
260 _bSamayam Publications,
_c2011.
_aKannur:
300 _a144p
650 _aMalayalam
942 _cBK
_2ddc
_h894.8123
_iSRE/V
_k894.8123
_mSRE/V